Statistics for Indigenous Languages of South America with a Map

Click here to take the quiz!

General Stats

  • This quiz has been taken 414 times
  • The average score is 5 of 16

Answers on the Map

Answers color-coded by a green-red scale on the quiz's map according to % correct below.
 

Answer Stats

# of speakersLanguage% Correct
918,000Ancash Quechua
97%
1,200,000Kichwa
97%
6,080,000Southern Quechua
97%
4,850,000Guaraní
84%
1,677,100Aymara
72%
258,620Mapuche
48%
60,000Paez
5%
61,000Kuna
4%
35,000Shuar
4%
20,000Yanomamö
4%
21,000Guambiano
3%
22,000Kaingang
3%
31,580Kom
3%
34,000Sikuani
3%
320,000Wayuunaiki
3%
36,135Wichi
3%

Score Distribution

Percentile by Number Answered

Percent of People with Each Score

Your Score History

You have not taken this quiz